Designing and Developing Training Prgrams: pfeiffer essntial guides to training basics (Record no. 6493)

MARC details
000 -LEADER
fixed length control field 00614nam a22002057a 4500
003 - CONTROL NUMBER IDENTIFIER
control field OSt
005 - DATE AND TIME OF LATEST TRANSACTION
control field 20200128115812.0
008 - FIXED-LENGTH DATA ELEMENTS--GENERAL INFORMATION
fixed length control field 200128b ||||| |||| 00| 0 eng d
020 ## - INTERNATIONAL STANDARD BOOK NUMBER
International Standard Book Number 9780470404690
040 ## - CATALOGING SOURCE
Transcribing agency DDC
082 ## - DEWEY DECIMAL CLASSIFICATION NUMBER
Classification number 658.3 CHA 2010
100 ## - MAIN ENTRY--PERSONAL NAME
Personal name Chan, Janis Fisher
9 (RLIN) 13351
245 ## - TITLE STATEMENT
Title Designing and Developing Training Prgrams: pfeiffer essntial guides to training basics
260 ## - PUBLICATION, DISTRIBUTION, ETC. (IMPRINT)
Place of publication, distribution, etc. San Francisco;
Name of publisher, distributor, etc. Pfeiffer,
Date of publication, distribution, etc. 2010
300 ## - PHYSICAL DESCRIPTION
Extent xiv,290p;
Other physical details Ill:
Dimensions 24cm
501 ## - WITH NOTE
With note References, & index included
650 ## - SUBJECT ADDED ENTRY--TOPICAL TERM
Topical term or geographic name as entry element Human Resource
9 (RLIN) 5954
650 ## - SUBJECT ADDED ENTRY--TOPICAL TERM
Topical term or geographic name as entry element Staff development
9 (RLIN) 13352
942 ## - ADDED ENTRY ELEMENTS (KOHA)
Source of classification or shelving scheme Other/Generic Classification Scheme
Koha item type Open Shelf
Holdings
Withdrawn status Lost status Source of classification or shelving scheme Damaged status Not for loan Home library Current library Date acquired Source of acquisition Inventory number Total Checkouts Full call number Barcode Date last seen Koha item type
    Dewey Decimal Classification     MUST Main Library MUST Main Library 28/01/2020 Donation 14/37732   658.3 CHA 2010 2020-0160 28/01/2020 Open Shelf
    Dewey Decimal Classification     MUST Main Library MUST Main Library 28/01/2020 Donation 14/37733   658.3 CHA 2010 2020-0161 28/01/2020 Open Shelf